<The> 7 habits of highly effective people personal workbook
Enregistré dans:
| Auteur principal: | |
|---|---|
| Format: | Livre |
| Langue: | anglais |
| Publié: |
London
Simon & Schuster
2005
|
| Sujets: | |
| Tags: |
Pas de tags, Soyez le premier à ajouter un tag!
|
MARC
| LEADER | 00000nam$a2200000$$$4500 | ||
|---|---|---|---|
| 001 | 0106453 | ||
| 005 | 20231215114919.6 | ||
| 020 | |a 0-7432-6816-4 | ||
| 041 | 0 | |a eng | |
| 044 | |a GB | ||
| 245 | 1 | 0 | |a <The> 7 habits of highly effective people |b personal workbook |c Stephen R. Covey |
| 264 | 1 | |a London |b Simon & Schuster |c 2005 | |
| 300 | |a x, 178 s. | ||
| 610 | 2 | 0 | |a úspech pracovný |
| 610 | 2 | 0 | |a efektívnosť práce |
| 610 | 2 | 0 | |a sebapoznanie |
| 100 | 1 | |a Covey, Stephen R. | |